000
00177 a2200085 4500
245
_a
BEST LOVED SLEEPY TIME
_h
Text
100
_a
MIK MARTIN
650
_a
literature
005
20191017172141.0
084
_a
NONE
999
_c
8498
_d
8498